Cartoon Dog or Cartoon Cat Quiz Stats

Quiz Updated Sep 2, 2017

Score 0/20 Timer 03:00
0 Plays Today
% Correct
Dog
96.6%
Dog
96.4%
Dog
95.7%
Cat
94.9%
Cat
93.9%
Dog
93.8%
Cat
93.1%
Dog
92.8%
Cat
91.7%
Dog
90.3%
% Correct
Dog
89.8%
Dog
89%
Dog
88.8%
Cat
84.9%
Cat
80.2%
Cat
75.9%
Cat
75.9%
Cat
68.4%
Dog
63.2%
Cat
62%

You're not logged in!

Compare scores with friends on all Sporcle quizzes.
Sign Up with Email
OR
Log In

You Might Also Like...

Show Comments

Extras

Top Quizzes Today


Score Distribution

Your Account Isn't Verified!

In order to create a playlist on Sporcle, you need to verify the email address you used during registration. Go to your Sporcle Settings to finish the process.